[Event "NCA-ch sf"]
[Site "Managua"]
[Date "2023.02.11"]
[Round "7.11"]
[White "Castillo, Rommel"]
[Black "Rios Borgen, Edgard Jose"]
[Result "0-1"]
[WhiteElo "1908"]
[BlackElo "1784"]
[PlyCount "86"]
[EventDate "2023.01.28"]
[EventType "swiss"]
[EventRounds "9"]
[EventCountry "NCA"]
[SourceTitle "CBM 213 Extra"]
[Source "ChessBase"]
[SourceDate "2023.05.31"]
[SourceVersion "1"]
[SourceVersionDate "2023.05.31"]
[SourceQuality "1"]

1. c4 e5 2. Nc3 Nc6 3. g3 Bc5 4. Bg2 d6 5. e3 a6 6. Nge2 Ba7 7. h3 h5 8. d4 h4 9. g4 f5 10. gxf5 Bxf5 11. Bxc6+ bxc6 12. dxe5 dxe5 13. Qxd8+ Rxd8 14. e4 Be6 15. b3 Rd3 16. Bg5 Rf3 17. Nd1 Rxh3 18. Rxh3 Bxh3 19. Ne3 Rh5 20. Ng1 Bxe3 21. Bxe3 Bg2 22. f4 h3 23. Nxh3 Rxh3 24. Kf2 Bxe4 25. fxe5 Rh1 26. Rxh1 Bxh1 27. Bf4 Ke7 28. e6 Kxe6 29. Bxc7 Nf6 30. Ke3 g5 31. b4 Nd7 32. Kd4 Bf3 33. a4 c5+ 34. bxc5 Bc6 35. a5 Kf5 36. Bd6 Nf6 37. Be7 Ng4 38. Bd8 Nf6 39. Bc7 Ne4 40. Bd8 g4 41. Bc7 g3 42. Ke3 g2 43. Bh2 Nxc5 0-1

[Event "NCA-ch sf"]
[Site "Managua"]
[Date "2023.02.05"]
[Round "5.9"]
[White "Castillo, Rommel"]
[Black "Valle Alonso, Moises Abraham"]
[Result "0-1"]
[WhiteElo "1908"]
[BlackElo "1699"]
[PlyCount "110"]
[EventDate "2023.01.28"]
[EventType "swiss"]
[EventRounds "9"]
[EventCountry "NCA"]
[SourceTitle "CBM 213 Extra"]
[Source "ChessBase"]
[SourceDate "2023.05.31"]
[SourceVersion "1"]
[SourceVersionDate "2023.05.31"]
[SourceQuality "1"]

1. c4 Nf6 2. Nc3 g6 3. e4 d6 4. g3 c5 5. Bg2 Bg7 6. Nge2 Nc6 7. h3 Bd7 8. d3 h5 9. Bg5 Nh7 10. Be3 Nd4 11. Qd2 Nf8 12. f4 Nfe6 13. 0-0 Qa5 14. Nc1 0-0 15. f5 Nc7 16. Nd5 Qxd2 17. Nxe7+ Kh8 18. Bxd2 Bf6 19. Nd5 Nxd5 20. cxd5 gxf5 21. g4 hxg4 22. hxg4 Nc2 23. Rb1 Bd4+ 24. Kh2 fxg4 25. Ne2 Be5+ 26. Bf4 Ne3 27. Rh1 Kg7 28. Bxe5+ dxe5 29. b4 cxb4 30. Rxb4 b6 31. Kg3 f5 32. exf5 Nxf5+ 33. Kh2 Ne3 34. Re4 g3+ 35. Kxg3 Nf5+ 36. Kh2 Rac8 37. Rc1 Rxc1 38. Nxc1 Rc8 39. Rc4 Rxc4 40. dxc4 Ne3 41. c5 bxc5 42. Nd3 c4 43. Nxe5 Bf5 44. Bh3 Bxh3 45. Kxh3 c3 46. d6 Kf6 47. Nc6 Ke6 48. Ne5 Kxd6 49. Nd3 Kd5 50. Kg3 Kd4 51. Nc1 c2 52. Kf3 Nc4 53. Ke2 Kc3 54. Nd3 Ne5 55. Nc1 Kb2 0-1

[Event "Managua Hurtado Memorial 22nd"]
[Site "Managua"]
[Date "2022.12.27"]
[Round "2"]
[White "Diego Martinez, Humberto Jose"]
[Black "Castillo, Rommel"]
[Result "1-0"]
[WhiteElo "2072"]
[BlackElo "1906"]
[PlyCount "59"]
[EventDate "2022.12.26"]
[EventType "swiss"]
[EventRounds "9"]
[EventCountry "NCA"]
[SourceTitle "CBM 212 Extra"]
[Source "ChessBase"]
[SourceDate "2023.03.31"]
[SourceVersion "1"]
[SourceVersionDate "2023.03.31"]
[SourceQuality "1"]

1. e4 c5 2. Nf3 Nc6 3. d4 cxd4 4. Nxd4 Nf6 5. Nc3 d6 6. f3 g6 7. Be3 Bg7 8. Qd2 Bd7 9. Bc4 Rc8 10. Bb3 0-0 11. h4 Ne5 12. h5 Nc4 13. Bxc4 Rxc4 14. hxg6 fxg6 15. 0-0-0 Qa5 16. Nb3 Qc7 17. e5 Ne8 18. Nd5 Qd8 19. Bg5 Rf7 20. exd6 Nxd6 21. Nxe7+ Rxe7 22. Bxe7 Qxe7 23. Qxd6 Bf5 24. Qd8+ Bf8 25. Qd5+ Be6 26. Qd2 Bf5 27. Nd4 Bd7 28. g4 Rc7 29. Kb1 Qf6 30. Qh2 1-0

[Event "NCA-chT final"]
[Site "Managua"]
[Date "2021.10.31"]
[Round "8.3"]
[White "Castillo, Rommel"]
[Black "Berrios Vanegas, Yanko Antonio"]
[Result "1/2-1/2"]
[WhiteElo "1954"]
[BlackElo "1446"]
[PlyCount "65"]
[EventDate "2021.10.16"]
[EventType "team-tourn"]
[EventRounds "11"]
[EventCountry "NCA"]
[SourceTitle "EXT 2023"]
[Source "ChessBase"]
[SourceDate "2022.10.05"]
[SourceVersion "1"]
[SourceVersionDate "2022.10.05"]
[SourceQuality "1"]
[WhiteTeam "Granada"]
[BlackTeam "Torre Fuerte"]
[WhiteTeamCountry "NCA"]
[BlackTeamCountry "NCA"]

1. c4 c5 2. Nc3 e5 3. g3 Nf6 4. Bg2 Nc6 5. d3 Be7 6. Bg5 0-0 7. Bxf6 Bxf6 8. e3 d6 9. Nge2 Bf5 10. Qd2 Qd7 11. h3 Nb4 12. e4 Be6 13. f4 exf4 14. Nxf4 Rab8 15. 0-0 a6 16. Kh2 Nc6 17. Rae1 Be5 18. Ncd5 b5 19. b3 b4 20. Nh5 Bxd5 21. exd5 Ne7 22. Qg5 h6 23. Qc1 Nf5 24. Rxe5 dxe5 25. Be4 Nd6 26. g4 Nxe4 27. dxe4 Rb6 28. Qe3 Qe7 29. Ng3 Rc8 30. Nf5 Qd8 31. Rd1 Rd6 32. Nxd6 Qxd6 33. g5 1/2-1/2

[Event "NCA-ch op"]
[Site "Managua"]
[Date "2021.09.05"]
[Round "5"]
[White "Castillo, Rommel"]
[Black "Espinoza, Felix"]
[Result "1-0"]
[WhiteElo "1899"]
[BlackElo "2133"]
[PlyCount "87"]
[EventDate "2021.08.28"]
[EventType "swiss"]
[EventRounds "9"]
[EventCountry "NCA"]
[SourceTitle "EXT 2023"]
[Source "ChessBase"]
[SourceDate "2022.10.05"]
[SourceVersion "1"]
[SourceVersionDate "2022.10.05"]
[SourceQuality "1"]

1. c4 e5 2. Nc3 Nc6 3. g3 Bc5 4. Bg2 d6 5. e3 Nge7 6. Nge2 Bg4 7. h3 Bf5 8. d4 Bb6 9. a3 a6 10. b4 0-0 11. 0-0 Ng6 12. Bb2 exd4 13. exd4 Nce7 14. Kh2 c6 15. Qd2 Re8 16. f4 h5 17. Bf3 Qc8 18. Ng1 h4 19. g4 Bd7 20. Rad1 f5 21. g5 Be6 22. Na4 Ba7 23. d5 cxd5 24. Qc3 d4 25. Rxd4 Rf8 26. Rxd6 Rf7 27. c5 Nxf4 28. Qd4 Nfg6 29. Kg2 Nc6 30. Qd2 Rd7 31. Re1 Rxd6 32. cxd6 Qd7 33. Nc5 Bxc5 34. bxc5 Re8 35. Kf2 Kh7 36. Ne2 Nce5 37. Bxe5 Nxe5 38. Nf4 Nxf3 39. Kxf3 Qc6+ 40. Kf2 Qxc5+ 41. Qe3 Qxe3+ 42. Rxe3 Bd7 43. Re7 Rd8 44. Ke3 1-0

[Event "NCA-ch op"]
[Site "Managua"]
[Date "2021.09.05"]
[Round "6"]
[White "Davila, Carlos"]
[Black "Castillo, Rommel"]
[Result "1/2-1/2"]
[WhiteElo "2199"]
[BlackElo "1899"]
[PlyCount "34"]
[EventDate "2021.08.28"]
[EventType "swiss"]
[EventRounds "9"]
[EventCountry "NCA"]
[SourceTitle "EXT 2023"]
[Source "ChessBase"]
[SourceDate "2022.10.05"]
[SourceVersion "1"]
[SourceVersionDate "2022.10.05"]
[SourceQuality "1"]

1. d4 d5 2. Nf3 c6 3. e3 Nf6 4. c4 e6 5. Nc3 Be7 6. Bd3 Nbd7 7. 0-0 0-0 8. e4 dxe4 9. Nxe4 Nxe4 10. Bxe4 Nf6 11. Bc2 c5 12. b3 Bd7 13. Bb2 Bc8 14. Bc1 Bd7 15. Bb2 Bc8 16. Bc1 Bd7 17. Bb2 Bc8 1/2-1/2

[Event "NCA-ch op"]
[Site "Managua"]
[Date "2021.08.29"]
[Round "3"]
[White "Castillo, Rommel"]
[Black "Alfaro Caracas, William"]
[Result "1/2-1/2"]
[WhiteElo "1899"]
[BlackElo "2171"]
[PlyCount "60"]
[EventDate "2021.08.28"]
[EventType "swiss"]
[EventRounds "9"]
[EventCountry "NCA"]
[SourceTitle "EXT 2023"]
[Source "ChessBase"]
[SourceDate "2022.10.05"]
[SourceVersion "1"]
[SourceVersionDate "2022.10.05"]
[SourceQuality "1"]

1. c4 c5 2. Nc3 Nc6 3. g3 g6 4. Bg2 Bg7 5. e3 e6 6. Nge2 Nge7 7. d4 cxd4 8. exd4 d5 9. cxd5 exd5 10. Bg5 Qb6 11. 0-0 0-0 12. Qd2 Bg4 13. Rfd1 Rfe8 14. f3 Be6 15. Be3 Nf5 16. Bf2 Qd8 17. g4 Nd6 18. b3 Rc8 19. Rac1 Ne7 20. Rc2 f5 21. g5 Bf7 22. Rdc1 Qd7 23. Nf4 b6 24. Bf1 Qb7 25. Bg3 Nc6 26. Nce2 Nb5 27. Bf2 Na3 28. Rb2 Qe7 29. h4 h6 30. Nc3 hxg5 1/2-1/2

[Event "Managua Ramirez de Arellano Memorial"]
[Site "Managua"]
[Date "2021.07.17"]
[Round "4"]
[White "Castillo, Rommel"]
[Black "Flores, Manuel"]
[Result "1-0"]
[WhiteElo "1899"]
[BlackElo "1929"]
[PlyCount "65"]
[EventDate "2021.07.10"]
[EventType "swiss"]
[EventRounds "9"]
[EventCountry "NCA"]
[SourceTitle "EXT 2023"]
[Source "ChessBase"]
[SourceDate "2022.10.05"]
[SourceVersion "1"]
[SourceVersionDate "2022.10.05"]
[SourceQuality "1"]

1. c4 e5 2. Nc3 Nf6 3. g3 d5 4. cxd5 Nxd5 5. Bg2 Nb6 6. Nf3 Nc6 7. d3 Be7 8. b3 0-0 9. 0-0 Be6 10. Bb2 a5 11. Rc1 f6 12. a3 Qd7 13. Ne4 a4 14. b4 Bb3 15. Qe1 Nd5 16. Nfd2 Nd4 17. e3 Nb5 18. Nxb3 axb3 19. Qd1 Nb6 20. Qxb3+ Kh8 21. Nc5 Bxc5 22. bxc5 Na4 23. c6 Qe7 24. cxb7 Ra5 25. Qb4 Qxb4 26. axb4 Ra7 27. Ba1 Rb8 28. d4 e4 29. Bxe4 Nb6 30. Bf3 Nd6 31. Rxc7 Nxb7 32. Rfc1 h6 33. Kg2 1-0

[Event "NCA-ch final"]
[Site "Managua"]
[Date "2021.03.13"]
[Round "4"]
[White "Castillo, Rommel"]
[Black "Davila, Carlos"]
[Result "0-1"]
[WhiteElo "1929"]
[BlackElo "2203"]
[PlyCount "142"]
[EventDate "2021.03.06"]
[EventType "tourn"]
[EventRounds "11"]
[EventCountry "NCA"]
[SourceTitle "EXT 2022"]
[Source "ChessBase"]
[SourceDate "2021.10.06"]
[SourceVersion "1"]
[SourceVersionDate "2021.10.06"]
[SourceQuality "1"]

1. c4 g6 2. Nc3 Bg7 3. d4 c5 4. d5 Bxc3+ 5. bxc3 f5 6. Qa4 Nf6 7. Bf4 0-0 8. Nf3 d6 9. e3 Nbd7 10. Bd3 a6 11. Rb1 b5 12. cxb5 Nb6 13. Qb3 c4 14. Bxc4 Nxc4 15. Qxc4 axb5 16. Qb3 Bb7 17. c4 Qa5+ 18. Qb4 Qxb4+ 19. Rxb4 Rfc8 20. 0-0 Rxc4 21. Rxb5 Bxd5 22. Bg5 Rc5 23. Rb2 Kf7 24. h3 Ng8 25. Ra1 h6 26. Bf4 g5 27. Bh2 Bxf3 28. gxf3 Nf6 29. a4 Rca5 30. Rb7 Ke6 31. Rb4 Nd5 32. Rd4 Nc3 33. Rc4 Nxa4 34. h4 Nb2 35. Rxa5 Rxa5 36. Rc8 Ra1+ 37. Kg2 Nd3 38. Rh8 Ne1+ 39. Kh3 Nxf3 40. Rxh6+ Kf7 41. hxg5 Nxg5+ 42. Kg2 Ra2 43. Bg3 Kg7 44. Rh5 Kg6 45. Rh8 Ne4 46. Bh4 e5 47. Rf8 d5 48. Rd8 Rd2 49. Kf3 Rd1 50. Bg3 Nxg3 51. Kxg3 d4 52. exd4 Rd3+ 53. Kg2 Rxd4 54. Re8 e4 55. Kf1 Kg5 56. Ke2 Kf4 57. Rh8 Ra4 58. Rh4+ Ke5 59. Rh8 Ra2+ 60. Ke1 f4 61. Re8+ Kf5 62. Rg8 Rb2 63. Rg7 f3 64. Rh7 Rb1+ 65. Kd2 Rf1 66. Rh2 Kf4 67. Rh4+ Ke5 68. Rh2 Kd4 69. Kc2 Re1 70. Kd2 Re2+ 71. Kd1 Kd3 0-1

[Event "NCA-chT Final"]
[Site "Managua"]
[Date "2020.10.25"]
[Round "4.4"]
[White "Espinoza Solano, Jose Nahum"]
[Black "Castillo, Rommel"]
[Result "1-0"]
[WhiteElo "2098"]
[BlackElo "1927"]
[PlyCount "54"]
[EventDate "2020.10.24"]
[EventType "team-tourn"]
[EventRounds "11"]
[EventCountry "NCA"]
[SourceTitle "EXT 2022"]
[Source "ChessBase"]
[SourceDate "2021.10.06"]
[SourceVersion "1"]
[SourceVersionDate "2021.10.06"]
[SourceQuality "1"]

1. e4 g6 2. d4 Bg7 3. Nc3 d6 4. Nf3 Nf6 5. Bc4 0-0 6. 0-0 Nc6 7. h3 Nd7 8. a3 h6 9. Be3 e5 10. dxe5 Ndxe5 11. Nxe5 Nxe5 12. Bb3 Be6 13. f4 Nc6 14. f5 Bxb3 15. cxb3 Kh7 16. Nd5 Re8 17. fxg6+ fxg6 18. Rf7 Rxe4 19. Qf3 Re6 20. Nxc7 Ne5 21. Rxg7+ Kxg7 22. Nxe6+ Kh8 23. Nxd8 Nxf3+ 24. gxf3 Rxd8 25. Bxa7 Kg7 26. Rc1 d5 27. Bd4+ Kh7 1-0

[Event "NCA-ch Fiestas Patrias op"]
[Site "Managua"]
[Date "2020.08.29"]
[Round "1"]
[White "Castillo, Rommel"]
[Black "Martinez Gutierrez, Camila Renata"]
[Result "1-0"]
[WhiteElo "1920"]
[BlackElo "1247"]
[PlyCount "114"]
[EventDate "2020.08.29"]
[EventType "swiss"]
[EventRounds "9"]
[EventCountry "NCA"]
[SourceTitle "EXT 2022"]
[Source "ChessBase"]
[SourceDate "2021.10.06"]
[SourceVersion "1"]
[SourceVersionDate "2021.10.06"]
[SourceQuality "1"]

1. c4 g6 2. Nc3 Bg7 3. g3 Nf6 4. Bg2 0-0 5. d4 c6 6. e4 b6 7. e5 Ne8 8. Nge2 Bb7 9. f4 d6 10. 0-0 Nc7 11. Be3 Nd7 12. Qa4 b5 13. cxb5 cxb5 14. Nxb5 Bxg2 15. Kxg2 Nb6 16. Qb3 Rb8 17. Nxc7 Qxc7 18. Rac1 Qb7+ 19. Kf2 Rfc8 20. Rxc8+ Rxc8 21. Nc3 Qd7 22. Kg1 Qh3 23. Ne4 Qg4 24. Ng5 e6 25. Kg2 Qf5 26. Rf2 h6 27. Nf3 Nd5 28. exd6 Bf8 29. d7 Rd8 30. Bc1 Rxd7 31. Qc2 Qf6 32. a3 Rc7 33. Qd1 Qd8 34. Rc2 Rxc2+ 35. Qxc2 Qa8 36. Bd2 Ne7 37. Qd3 f6 38. Kf2 g5 39. fxg5 fxg5 40. h4 g4 41. Ne5 h5 42. Qe3 Bg7 43. Qg5 Qf8+ 44. Bf4 Nd5 45. Nc6 Nxf4 46. gxf4 Qe8 47. Ne7+ Kf7 48. Qg6+ Kxe7 49. Qxg7+ Kd8 50. Qxa7 Qc6 51. Qb8+ Kd7 52. Qb3 Qh1 53. Qb5+ Ke7 54. Qg5+ Kd7 55. Qb5+ Kc7 56. Qe5+ Kc6 57. Qxe6+ Kb5 1-0

[Event "Managua Ramirez de Arellano Memorial"]
[Site "Managua"]
[Date "2020.07.26"]
[Round "8"]
[White "Castillo, Rommel"]
[Black "Vanegas Lopez, Natanael Emanuel"]
[Result "1-0"]
[WhiteElo "1901"]
[BlackElo "1429"]
[PlyCount "78"]
[EventDate "2020.07.11"]
[EventType "swiss"]
[EventRounds "9"]
[EventCountry "NCA"]
[SourceTitle "EXT 2021"]
[Source "ChessBase"]
[SourceDate "2020.10.23"]
[SourceVersion "1"]
[SourceVersionDate "2020.10.23"]
[SourceQuality "1"]

1. c4 Nf6 2. Nc3 e6 3. Nf3 d5 4. e3 Be7 5. b3 b6 6. Bb2 0-0 7. Be2 Bb7 8. 0-0 c5 9. d4 Nbd7 10. Rc1 Re8 11. Nd2 cxd4 12. exd4 Rc8 13. Bf3 Nf8 14. Re1 Ng6 15. g3 Ba8 16. Bg2 Qd7 17. a3 dxc4 18. Bxa8 Rxa8 19. Nxc4 Qb7 20. Qe2 Red8 21. Red1 Rac8 22. f3 h6 23. Rd3 Nd5 24. Nxd5 Rxd5 25. Rcd1 Rcd8 26. Qe4 Qb8 27. Ne3 R5d7 28. Kf2 Bf8 29. d5 exd5 30. Nxd5 Bc5+ 31. Kf1 Qc8 32. Qg4 Qa6 33. Qc4 Qxc4 34. bxc4 Kf8 35. h4 h5 36. R3d2 Ne7 37. g4 Ng6 38. gxh5 Nxh4 39. h6 Nf5 1-0

[Event "Managua Gomez Argenal Memorial"]
[Site "Managua"]
[Date "2020.06.21"]
[Round "8"]
[White "Castillo, Rommel"]
[Black "Granados Lopez, Fidel"]
[Result "0-1"]
[WhiteElo "1919"]
[BlackElo "1772"]
[PlyCount "100"]
[EventDate "2020.06.06"]
[EventType "swiss"]
[EventRounds "9"]
[EventCountry "NCA"]
[SourceTitle "CBM 197 Extra"]
[Source "ChessBase"]
[SourceDate "2020.09.30"]
[SourceVersion "1"]
[SourceVersionDate "2020.09.30"]
[SourceQuality "1"]

1. c4 e5 2. Nc3 Nf6 3. e4 Bc5 4. Be2 Nc6 5. Nf3 d6 6. d3 h6 7. a3 a5 8. 0-0 Bg4 9. Be3 Bxf3 10. Bxf3 Nd4 11. Rb1 0-0 12. Bxd4 Bxd4 13. Ne2 Bb6 14. b4 axb4 15. axb4 Nd7 16. Bg4 Nf6 17. Bh3 Qe7 18. Kh1 Ra2 19. f4 Be3 20. g3 Rd2 21. Qe1 Rxd3 22. Bg2 Qe6 23. fxe5 dxe5 24. Nc1 Bxc1 25. Rxc1 Ra8 26. Qe2 Rad8 27. Rc2 R8d4 28. Ra1 Ng4 29. Kg1 Ne3 30. Rcc1 Nxc4 31. Qh5 Rd8 32. Bf1 R3d4 33. Qh4 Nd2 34. Ra3 Nxf1 35. Kxf1 Rd1+ 36. Rxd1 Rxd1+ 37. Ke2 Qd7 38. Kf3 Rd3+ 39. Rxd3 Qxd3+ 40. Kg2 Qe2+ 41. Kg1 Qe3+ 42. Kg2 Kh7 43. Qg4 g6 44. h4 Qd2+ 45. Kh3 Qxb4 46. Qd7 Kg7 47. Qd5 Qd6 48. Qxb7 c5 49. Kg2 c4 50. Kf2 c3 0-1

[Event "Managua Gomez Argenal Memorial"]
[Site "Managua"]
[Date "2020.06.07"]
[Round "3"]
[White "Castillo, Rommel"]
[Black "Cortez Ruiz, Luis Miguel"]
[Result "1-0"]
[WhiteElo "1919"]
[BlackElo "1507"]
[PlyCount "45"]
[EventDate "2020.06.06"]
[EventType "swiss"]
[EventRounds "9"]
[EventCountry "NCA"]
[SourceTitle "CBM 197 Extra"]
[Source "ChessBase"]
[SourceDate "2020.09.30"]
[SourceVersion "1"]
[SourceVersionDate "2020.09.30"]
[SourceQuality "1"]

1. c4 Nf6 2. Nc3 g6 3. g3 Bg7 4. Bg2 d6 5. d4 0-0 6. Nf3 c5 7. dxc5 dxc5 8. Qxd8 Rxd8 9. Be3 Nc6 10. h3 Be6 11. Nd2 Rd7 12. 0-0-0 Rad8 13. g4 h6 14. Bf4 g5 15. Bg3 h5 16. Bxc6 hxg4 17. Bxd7 Rxd7 18. hxg4 Nxg4 19. Nde4 Rc7 20. Rd8+ Bf8 21. Nxg5 Bxc4 22. Rh4 f5 23. Nh7 1-0